000 01032nam a22003495b 4500
001 00426092
003 DO-SdBNP
005 20180220145827.0
007 00426092
008 941222r1990 sp | |||| ||spa
016 7 _a
_2BPMSU
017 _a
_b
020 _a8434827042
035 _a
040 _aBPMSU
_bspa
_cBPMSU
_e
041 1 _aspa
_h
080 0 _a
100 1 _aDrinkwater, Carol
240 1 4 _aThe haunted school
_lespañol
245 1 3 _aLa escuela encantada /
_cCarol Drinkwater ; traducción, Pedro Barbadillo ; ilustraciones, Fuencisla del Amo
_h
250 _a2ª ed.
260 _aMadrid :
_bSM,
_c1993
300 _a156 p. :
_bil.;
_c20 cm
490 _aEl barco de vapor.
_a Serie roja
_v163
500 _aPara niños a partir de 12 años
700 1 _aBarbadillo, Pedro
_q
_etr.
700 1 _aAmo, Fuencisla del
_d1950-
_eil.
830 _aEl barco de vapor.
_pSerie roja
_v163
942 _2ddc
_cBK
945 _aInventariado, 2018 / BT
956 _aVMATEO
_210
_320160420
_6BPMSU
_80069
999 _c9865
_d9865